MARC детайли
| 000 -Лидер |
| Контролно поле с фиксирана дължина |
02652nam a2200445 c 4500 |
| 003 - Код на организацията, давaща контролен номер |
| Контролно поле |
BLK |
| 005 - Дата и час на последна редакция |
| Контролно поле |
20200824125126.0 |
| 008 - Елементи от данни с фиксирана дължина |
| fixed length control field |
180409b bul|||||r ||||||| ||bul|| |
| 010 ## - Наследен системен номер |
| LC control number |
KNG00114379000 |
| 020 ## - Международен стандартен номер на книга ISBN |
| Международен стандартен номер на книга ISBN |
954-321-014-4 |
| -- |
издат.: Изток-Запад |
| 040 ## - Източник на каталожния запис |
| Идентификатор на билиотеката - собственик на записа |
BLK |
| 041 ## - Код за език |
| Код за езика на текст/звукозапис или на отделно заглавие |
Български |
| Код за езика КДБФ |
Български |
| 080 ## - УДК |
| Текстов определител УДК |
Предистория. Предист. паметници на материалната култура и тяхната интерпретация - оръдия на труда, оръжия, култови предмети, мегалити, пещерни и накол |
| УДК код - определител по УДК |
903 |
| УДК определител |
(02.062) |
| УДК - код + определител |
903(02.062) |
| 080 ## - УДК |
| Текстов определител УДК |
Антропогенезис. Произход на човека. Вж и 575.8 |
| УДК код - определител по УДК |
572.1/.4 |
| УДК определител |
(02.062) |
| УДК - код + определител |
572.1/.4(02.062) |
| 080 ## - УДК |
| Текстов определител УДК |
Еволюционно учение. Дарвинизъм. Видообразуване. Филогенез - Борба за съществуване, изолация, адаптация, отбор и др. Биомакромолекули, молекулярна еволюция, клетки и субклетъчни структури, тъ |
| УДК код - определител по УДК |
575.8 |
| УДК определител |
(02.062) |
| УДК - код + определител |
575.8(02.062) |
| 100 1# - Редна дума - Автор |
| Автор |
Стогов, Иля |
| Авторска отговорност |
първи автор |
| R(LIN) |
124729 |
| 139 ## - Редно поле |
| Редна дума |
Стогов, Иля |
| Авторски знак |
Стро - С 87 |
| 245 10 - Сведения за заглавието |
| Заглавие |
Челюстта на Адам |
| Подзаглавни данни |
Пътеводител по предисторическото минало |
| Редно поле (дума) |
Иля Стогов; прев. от рус. Радослав Димитров Игнатов; ред. Любен Илиев Козарев. |
| 257 ## - Страна на издаване |
| Страна на създаване/издаване |
Русия |
| 260 ## - Област на издателските данни |
| -- |
София |
| Име на издателя, разпространителя и проч. |
Изток-Запад |
| Година на издаване |
2004 |
| 300 ## - Физическа характеристика |
| Страници |
181 с. |
| Илюстрации и др. |
с ил. |
| Размери/Мащаб |
20 см |
| 380 ## - Жанр |
| Жанр |
Естествени науки. Математика |
| 500 ## - Общи забележки |
| Забележка |
Ориг. загл. Челюсть Адама / И. Стогов. - Съдържа и Речник ; История на Африка във вид на таблица ; История на Океания във вид на таблица. - Офс. изд. |
| 650 #4 - Допълнително описание по предмет – тема |
| Основно описание – тема или топоним |
Човек, първобитен |
| 9 (RLIN) |
264536 |
| 650 #4 - Допълнително описание по предмет – тема |
| Основно описание – тема или топоним |
Първобитно общество |
| 9 (RLIN) |
264537 |
| 650 #4 - Допълнително описание по предмет – тема |
| Основно описание – тема или топоним |
Антропология |
| 9 (RLIN) |
147249 |
| 650 #4 - Допълнително описание по предмет – тема |
| Основно описание – тема или топоним |
Еволюция |
| 9 (RLIN) |
154115 |
| 653 ## - Ключова дума – ненормативна |
| Ключова дума |
първобитен човек |
| 653 ## - Ключова дума – ненормативна |
| Ключова дума |
първобитно общество |
| 653 ## - Ключова дума – ненормативна |
| Ключова дума |
произход на човека |
| 653 ## - Ключова дума – ненормативна |
| Ключова дума |
антропология |
| 653 ## - Ключова дума – ненормативна |
| Ключова дума |
еволюция |
| 700 1# - Други автори (авторска отговорност) |
| Лично име |
Игнатов, Радослав Димитров |
| Автороска отговорност (Описва отношението между автора и произведението) |
прев. от рус. |
| 9 (RLIN) |
370482 |
| 700 1# - Други автори (авторска отговорност) |
| Лично име |
Козарев, Любен Илиев |
| Автороска отговорност (Описва отношението между автора и произведението) |
ред. |
| 9 (RLIN) |
375613 |
| 852 ## - Местоположение |
| Форматна сигнатура |
Цб 220552 |
| 856 4# - Електронен адрес и достъп |
| Електронен формат |
pdf - файл |
| Път до файла /url/ |
|
| 856 4# - Електронен адрес и достъп |
| Електронен формат |
pdf - файл |
| Път до файла /url/ |
|
| 942 ## - АРТИКУЛИ |
| Вид на библиотечния материал |
Книги |
| Скрит в OPAC |
Не |
| Koha issues (borrowed), all copies |
1 |
| 944 ## - СЪЗДАВАНЕ И РЕДАКЦИЯ на ЗАПИСА |
| Създаване/Редакция |
Създаване |
| Дата на регистрацията/редакция |
04.08.2004 |
| Служител, извършил регистрацията/редакцията |
Людмила_Стоянова |
| 944 ## - СЪЗДАВАНЕ И РЕДАКЦИЯ на ЗАПИСА |
| Създаване/Редакция |
Редакция |
| Дата на регистрацията/редакция |
29.03.2006 |
| Служител, извършил регистрацията/редакцията |
|
| 999 ## - СИСТЕМНИ КОНТРОЛНИ НОМЕРА |
| Koha biblionumber |
109064 |
| Koha biblioitemnumber |
109064 |